| 000 | 00344cam a22001217a 4500 | ||
|---|---|---|---|
| 008 | 180718b1959 xxu||||| |||| 00| 0 eng d | ||
| 082 | _aB14x492 Is3 | ||
| 100 | _aIshwaran, K. | ||
| 245 |
_aFamily life in the Netherlands _cby K. Ishwaran |
||
| 260 |
_aThe Hague _bUitgeverij Van Keulen _c1959 |
||
| 300 | _a291p. | ||
| 650 | _aFamily - Netherlands. | ||
| 999 |
_c480172 _d480172 |
||